Photographic silver halide diffusion processes (Record no. 35989)

MARC details
000 -LEADER
fixed length control field 00330nam a2200133Ia 4500
082 ## - DEWEY DECIMAL CLASSIFICATION NUMBER
Classification number 772.1
Item number ROT
100 ## - MAIN ENTRY--AUTHOR NAME
Personal name Weyde, Andre
245 #0 - TITLE STATEMENT
Title Photographic silver halide diffusion processes
260 ## - PUBLICATION, DISTRIBUTION, ETC. (IMPRINT)
Place of publication London
Name of publisher Focal
Year of publication 1972
505 ## - FORMATTED CONTENTS NOTE
Formatted contents note Set price
700 ## - ADDED ENTRY--PERSONAL NAME
Personal name Edith
942 ## - ADDED ENTRY ELEMENTS (KOHA)
Koha item type Books
Holdings
Withdrawn status Lost status Damaged status Not for loan Home library Current library Date acquired Cost, normal purchase price Full call number Accession Number Koha item type
        RRII Library RRII Library 16/12/2021 1600.00 772.1 ROT 16406 Books